[Event "Rapid 2018"]
[Site "Saint-Petersburg"]
[Date "2018.12.28"]
[Round "13"]
[Board "79"]
[White "Hirneise Jens (GER)"]
[Black "Geller Jakov (RUS)"]
[Result "1/2-1/2"]
[LiveChessVersion "1.4.8"]
[BlackElo "2530"]
[WhiteElo "2355"]

1. e4 {[%clk 0:15:19]} c5 {[%clk 0:15:18]} 2. Nf3 {[%clk 0:15:17]} e6
{[%clk 0:15:26]} 3. d4 {[%clk 0:15:36]} cxd4 {[%clk 0:15:34]} 4. Nxd4
{[%clk 0:15:45]} a6 {[%clk 0:15:40]} 5. Nc3 {[%clk 0:15:53]} Qc7 {[%clk 0:15:48]}
6. Bd3 {[%clk 0:16:01]} Nf6 {[%clk 0:15:56]} 7. f4 {[%clk 0:16:09]} d6
{[%clk 0:16:04]} 8. Qf3 {[%clk 0:16:03]} b5 {[%clk 0:15:56]} 9. Be3
{[%clk 0:15:37]} Bb7 {[%clk 0:15:59]} 10. g4 {[%clk 0:15:00]} b4 {[%clk 0:14:40]}
11. Nce2 {[%clk 0:15:04]} h6 {[%clk 0:12:38]} 12. g5 {[%clk 0:13:21]} hxg5
{[%clk 0:12:26]} 13. fxg5 {[%clk 0:13:29]} Nfd7 {[%clk 0:12:34]} 14. g6
{[%clk 0:13:21]} Ne5 {[%clk 0:12:42]} 15. gxf7+ {[%clk 0:13:21]} Qxf7
{[%clk 0:12:37]} 16. Qxf7+ {[%clk 0:11:38]} Kxf7 {[%clk 0:12:42]} 17. O-O+
{[%clk 0:11:40]} Ke7 {[%clk 0:12:35]} 18. Bg5+ {[%clk 0:11:38]} Kd7
{[%clk 0:12:43]} 19. Nf4 {[%clk 0:11:26]} Nbc6 {[%clk 0:12:42]} 20. Ndxe6
{[%clk 0:07:45]} Be7 {[%clk 0:12:38]} 21. Bxe7 {[%clk 0:06:30]} Nxe7
{[%clk 0:12:43]} 22. Ng5 {[%clk 0:06:07]} Rh4 {[%clk 0:12:04]} 23. h3
{[%clk 0:06:04]} Rf8 {[%clk 0:11:06]} 24. Nfe6 {[%clk 0:05:59]} Rf6
{[%clk 0:10:51]} 25. Nf8+ {[%clk 0:04:53]} Kc6 {[%clk 0:10:03]} 26. Kg2
{[%clk 0:04:23]} Rh5 {[%clk 0:06:55]} 27. Nge6 {[%clk 0:03:58]} Rfh6
{[%clk 0:05:48]} 28. Nd4+ {[%clk 0:02:07]} Kb6 {[%clk 0:05:43]} 29. Nf3
{[%clk 0:01:13]} N7g6 {[%clk 0:04:52]} 30. Nxg6 {[%clk 0:01:00]} Rxg6+
{[%clk 0:03:33]} 31. Kf2 {[%clk 0:01:04]} Nxf3 {[%clk 0:02:31]} 32. Kxf3
{[%clk 0:01:13]} Rxh3+ {[%clk 0:02:38]} 33. Ke2 {[%clk 0:00:42]} Re6
{[%clk 0:01:38]} 34. Rf4 {[%clk 0:00:31]} d5 {[%clk 0:01:40]} 35. Rg1
{[%clk 0:00:34]} dxe4 {[%clk 0:01:45]} 36. Bc4 {[%clk 0:00:32]} Re7
{[%clk 0:01:41]} 37. Rf5 {[%clk 0:00:16]} e3 {[%clk 0:01:41]} 38. Rg6+
{[%clk 0:00:22]} Ka7 {[%clk 0:01:42]} 39. Re6 {[%clk 0:00:19]} Rxe6
{[%clk 0:00:44]} 40. Bxe6 {[%clk 0:00:28]} Rh2+ {[%clk 0:00:47]} 41. Kxe3
{[%clk 0:00:33]} Rxc2 {[%clk 0:00:56]} 42. Rf7 {[%clk 0:00:28]} Kb6
{[%clk 0:01:03]} 43. Rxg7 {[%clk 0:00:26]} Rxb2 {[%clk 0:01:11]} 44. Kd4
{[%clk 0:00:25]} Bc6 {[%clk 0:01:13]} 45. Rg6 {[%clk 0:00:17]} a5
{[%clk 0:00:37]} 46. Bc4 {[%clk 0:00:12]} Rd2+ {[%clk 0:00:31]} 47. Ke3
{[%clk 0:00:19]} Rc2 {[%clk 0:00:32]} 48. Bd5 {[%clk 0:00:14]} Kb5
{[%clk 0:00:33]} 49. Bb3 {[%clk 0:00:12]} Rc3+ {[%clk 0:00:38]} 50. Kd2
{[%clk 0:00:19]} a4 {[%clk 0:00:40]} 51. Rg5+ {[%clk 0:00:27]} Kb6
{[%clk 0:00:44]} 52. Bc2 {[%clk 0:00:29]} Kc7 {[%clk 0:00:15]} 53. Rg4
{[%clk 0:00:23]} Ra3 {[%clk 0:00:15]} 54. Rxb4 {[%clk 0:00:30]} Rxa2
{[%clk 0:00:24]} 55. Kc1 {[%clk 0:00:26]} Ra3 {[%clk 0:00:17]} 56. Kb2
{[%clk 0:00:33]} Re3 {[%clk 0:00:25]} 57. Bxa4 {[%clk 0:00:41]} Bxa4
{[%clk 0:00:33]} 58. Rxa4 {[%clk 0:00:51]} Kb6 {[%clk 0:00:41]} 1/2-1/2

[Event "Rapid 2018"]
[Site "Saint-Petersburg"]
[Date "2018.12.28"]
[Round "13"]
[Board "80"]
[White "Baron Tal (ISR)"]
[Black "Bilguun Sumiya (MGL)"]
[Result "0-1"]
[LiveChessVersion "1.4.8"]
[BlackElo "2415"]
[WhiteElo "2525"]

1. e4 {[%clk 0:13:00]} c5 {[%clk 0:15:17]} 2. Nf3 {[%clk 0:13:08]} e6
{[%clk 0:15:24]} 3. d4 {[%clk 0:13:18]} cxd4 {[%clk 0:15:32]} 4. Nxd4
{[%clk 0:13:27]} a6 {[%clk 0:15:39]} 5. c4 {[%clk 0:13:35]} Nf6 {[%clk 0:15:47]}
6. Nc3 {[%clk 0:13:44]} Qc7 {[%clk 0:15:55]} 7. Be2 {[%clk 0:13:53]} Bb4
{[%clk 0:16:03]} 8. O-O {[%clk 0:14:01]} O-O {[%clk 0:15:50]} 9. Bg5
{[%clk 0:13:38]} Nc6 {[%clk 0:13:11]} 10. Bxf6 {[%clk 0:12:03]} gxf6
{[%clk 0:13:19]} 11. Rc1 {[%clk 0:12:04]} Qd6 {[%clk 0:12:06]} 12. a3
{[%clk 0:07:28]} Bc5 {[%clk 0:09:08]} 13. Nb3 {[%clk 0:07:33]} b6
{[%clk 0:08:22]} 14. Nxc5 {[%clk 0:06:25]} Qxd1 {[%clk 0:08:27]} 15. Rfxd1
{[%clk 0:06:32]} bxc5 {[%clk 0:08:35]} 16. Na4 {[%clk 0:06:33]} Nd4
{[%clk 0:05:04]} 17. Bf1 {[%clk 0:06:08]} d6 {[%clk 0:05:00]} 18. b4
{[%clk 0:06:14]} Bd7 {[%clk 0:04:47]} 19. bxc5 {[%clk 0:05:47]} Bxa4
{[%clk 0:04:54]} 20. Rxd4 {[%clk 0:05:46]} dxc5 {[%clk 0:04:59]} 21. Rd6
{[%clk 0:05:44]} Rfd8 {[%clk 0:04:05]} 22. Rb6 {[%clk 0:05:33]} Rd4
{[%clk 0:03:21]} 23. f3 {[%clk 0:05:38]} Rd2 {[%clk 0:03:17]} 24. Rcb1
{[%clk 0:05:44]} Kg7 {[%clk 0:00:34]} 25. Rb8 {[%clk 0:05:35]} Rxb8
{[%clk 0:00:39]} 26. Rxb8 {[%clk 0:05:44]} Rd6 {[%clk 0:00:22]} 27. Kf2
{[%clk 0:05:43]} e5 {[%clk 0:00:27]} 28. Ke3 {[%clk 0:05:38]} Bd7
{[%clk 0:00:35]} 29. g4 {[%clk 0:05:07]} Be6 {[%clk 0:00:43]} 30. Rb1
{[%clk 0:04:23]} Rd4 {[%clk 0:00:50]} 31. Rc1 {[%clk 0:04:20]} Rd6
{[%clk 0:00:51]} 32. Rb1 {[%clk 0:04:21]} Rd4 {[%clk 0:01:00]} 33. Rc1
{[%clk 0:04:22]} Rd6 {[%clk 0:01:10]} 34. Bd3 {[%clk 0:03:38]} Rb6
{[%clk 0:01:11]} 35. Kd2 {[%clk 0:03:43]} Rb3 {[%clk 0:00:38]} 36. Ra1
{[%clk 0:03:45]} Bd7 {[%clk 0:00:42]} 37. h4 {[%clk 0:02:39]} h6 {[%clk 0:00:48]}
38. h5 {[%clk 0:02:12]} Kf8 {[%clk 0:00:53]} 39. Kc2 {[%clk 0:02:02]} Ba4
{[%clk 0:01:02]} 40. Kd2 {[%clk 0:02:10]} Rb2+ {[%clk 0:00:57]} 41. Ke3
{[%clk 0:02:17]} Bb3 {[%clk 0:00:29]} 42. Rc1 {[%clk 0:01:58]} a5
{[%clk 0:00:36]} 43. f4 {[%clk 0:01:08]} a4 {[%clk 0:00:21]} 44. Bb1
{[%clk 0:00:38]} Rh2 {[%clk 0:00:26]} 45. fxe5 {[%clk 0:00:29]} fxe5
{[%clk 0:00:34]} 46. Kf3 {[%clk 0:00:33]} Kg7 {[%clk 0:00:33]} 47. Kg3
{[%clk 0:00:35]} Rd2 {[%clk 0:00:40]} 48. Rc3 {[%clk 0:00:37]} Rd1
{[%clk 0:00:27]} 49. Bd3 {[%clk 0:00:43]} Ra1 {[%clk 0:00:35]} 50. Be2
{[%clk 0:00:25]} Rxa3 {[%clk 0:00:40]} 51. Rf3 {[%clk 0:00:11]} Ra2
{[%clk 0:00:45]} 52. Bf1 {[%clk 0:00:15]} Rd2 {[%clk 0:00:44]} 53. g5
{[%clk 0:00:20]} hxg5 {[%clk 0:00:52]} 54. h6+ {[%clk 0:00:30]} Kxh6
{[%clk 0:01:00]} 55. Rxf7 {[%clk 0:00:36]} a3 {[%clk 0:01:09]} 56. Ra7
{[%clk 0:00:13]} a2 {[%clk 0:01:17]} 57. Bh3 {[%clk 0:00:22]} Rd3+
{[%clk 0:01:11]} 58. Kg2 {[%clk 0:00:27]} Rd1 {[%clk 0:01:11]} 59. Bf5
{[%clk 0:00:27]} g4 {[%clk 0:01:20]} 60. Ra6+ {[%clk 0:00:13]} Kh5
{[%clk 0:01:09]} 61. Kg3 {[%clk 0:00:11]} Rg1+ {[%clk 0:01:17]} 62. Kh2
{[%clk 0:00:18]} a1=Q {[%clk 0:01:23]} 63. Bxg4+ {[%clk 0:00:17]} Kg5
{[%clk 0:01:24]} 0-1

[Event "Rapid 2018"]
[Site "Saint-Petersburg"]
[Date "2018.12.28"]
[Round "13"]
[Board "81"]
[White "Nozdrachev Vladislav (RUS)"]
[Black "Pogosyan Stefan (RUS)"]
[Result "1-0"]
[LiveChessVersion "1.4.8"]
[BlackElo "2353"]
[WhiteElo "2507"]

1. e4 {[%clk 0:15:18]} e5 {[%clk 0:14:50]} 2. Nf3 {[%clk 0:15:25]} Nc6
{[%clk 0:14:59]} 3. Bc4 {[%clk 0:15:31]} Nf6 {[%clk 0:14:55]} 4. d3
{[%clk 0:15:40]} Be7 {[%clk 0:14:56]} 5. Nc3 {[%clk 0:15:27]} O-O
{[%clk 0:14:59]} 6. a3 {[%clk 0:15:25]} d6 {[%clk 0:15:00]} 7. h3
{[%clk 0:15:04]} Be6 {[%clk 0:15:07]} 8. Nd5 {[%clk 0:13:51]} h6 {[%clk 0:13:25]}
9. O-O {[%clk 0:13:47]} Re8 {[%clk 0:13:30]} 10. c3 {[%clk 0:12:11]} Bf8
{[%clk 0:12:15]} 11. Nh2 {[%clk 0:12:11]} Bxd5 {[%clk 0:10:25]} 12. exd5
{[%clk 0:12:18]} Ne7 {[%clk 0:10:34]} 13. Qf3 {[%clk 0:12:13]} Qd7
{[%clk 0:08:25]} 14. Bxh6 {[%clk 0:11:31]} c6 {[%clk 0:06:10]} 15. dxc6
{[%clk 0:11:00]} bxc6 {[%clk 0:06:20]} 16. Bg5 {[%clk 0:09:54]} d5
{[%clk 0:06:17]} 17. Bxf6 {[%clk 0:10:01]} gxf6 {[%clk 0:06:24]} 18. Ba2
{[%clk 0:09:40]} f5 {[%clk 0:06:21]} 19. Rfe1 {[%clk 0:09:07]} Bg7
{[%clk 0:06:29]} 20. Nf1 {[%clk 0:09:14]} e4 {[%clk 0:04:40]} 21. dxe4
{[%clk 0:09:13]} fxe4 {[%clk 0:04:50]} 22. Rxe4 {[%clk 0:09:03]} dxe4
{[%clk 0:04:59]} 23. Bxf7+ {[%clk 0:08:15]} Kh7 {[%clk 0:05:06]} 24. Qh5+
{[%clk 0:08:15]} Bh6 {[%clk 0:05:02]} 25. Rd1 {[%clk 0:08:20]} Qc8
{[%clk 0:03:31]} 26. Rd6 {[%clk 0:08:24]} 1-0

[Event "Rapid 2018"]
[Site "Saint-Petersburg"]
[Date "2018.12.28"]
[Round "13"]
[Board "82"]
[White "Shubin Kirill (RUS)"]
[Black "Drygalov Andrey (RUS)"]
[Result "0-1"]
[LiveChessVersion "1.4.8"]
[BlackElo "2491"]
[WhiteElo "2242"]

1. e4 {[%clk 0:15:18]} c5 {[%clk 0:15:16]} 2. Nf3 {[%clk 0:15:27]} d6
{[%clk 0:15:24]} 3. d4 {[%clk 0:15:36]} cxd4 {[%clk 0:15:33]} 4. Qxd4
{[%clk 0:15:42]} a6 {[%clk 0:15:35]} 5. h3 {[%clk 0:15:50]} Nc6 {[%clk 0:15:38]}
6. Qe3 {[%clk 0:15:59]} g6 {[%clk 0:15:37]} 7. c4 {[%clk 0:16:03]} Bg7
{[%clk 0:15:44]} 8. Nc3 {[%clk 0:16:01]} Nf6 {[%clk 0:15:46]} 9. Be2
{[%clk 0:16:09]} O-O {[%clk 0:15:48]} 10. O-O {[%clk 0:16:17]} Nd7
{[%clk 0:15:33]} 11. Rb1 {[%clk 0:15:42]} Nde5 {[%clk 0:15:27]} 12. Rd1
{[%clk 0:15:05]} Nxf3+ {[%clk 0:14:43]} 13. Bxf3 {[%clk 0:15:10]} Be6
{[%clk 0:14:23]} 14. b3 {[%clk 0:15:04]} Qa5 {[%clk 0:12:53]} 15. Bb2
{[%clk 0:15:10]} Rab8 {[%clk 0:11:44]} 16. Nd5 {[%clk 0:13:10]} Qc5
{[%clk 0:09:43]} 17. Qe1 {[%clk 0:10:51]} Bxb2 {[%clk 0:08:28]} 18. Rxb2
{[%clk 0:10:59]} Bxd5 {[%clk 0:08:19]} 19. Rxd5 {[%clk 0:10:41]} Qb4
{[%clk 0:07:59]} 20. Qc1 {[%clk 0:09:44]} e6 {[%clk 0:07:17]} 21. Rd1
{[%clk 0:09:01]} e5 {[%clk 0:06:55]} 22. Bg4 {[%clk 0:08:15]} Nd4
{[%clk 0:06:43]} 23. f4 {[%clk 0:07:57]} Qc5 {[%clk 0:04:59]} 24. Kh1
{[%clk 0:07:47]} f6 {[%clk 0:04:02]} 25. b4 {[%clk 0:07:14]} Qc7 {[%clk 0:03:25]}
26. c5 {[%clk 0:05:56]} dxc5 {[%clk 0:03:10]} 27. bxc5 {[%clk 0:05:53]} Kg7
{[%clk 0:02:41]} 28. Rb6 {[%clk 0:05:38]} Rf7 {[%clk 0:02:16]} 29. Rd6
{[%clk 0:04:00]} b6 {[%clk 0:01:08]} 30. Rd5 {[%clk 0:03:37]} bxc5
{[%clk 0:01:00]} 31. Rxc5 {[%clk 0:03:43]} Qe7 {[%clk 0:01:06]} 32. Qc4
{[%clk 0:02:38]} Rb2 {[%clk 0:00:30]} 33. Qd5 {[%clk 0:02:23]} h5
{[%clk 0:00:22]} 34. Bc8 {[%clk 0:02:25]} Ne2 {[%clk 0:00:17]} 35. f5
{[%clk 0:01:33]} Nf4 {[%clk 0:00:23]} 36. Qc4 {[%clk 0:01:42]} gxf5
{[%clk 0:00:19]} 37. Rd7 {[%clk 0:01:31]} Qxd7 {[%clk 0:00:16]} 38. Bxd7
{[%clk 0:01:39]} Rxd7 {[%clk 0:00:24]} 39. Rc7 {[%clk 0:01:39]} Rxc7
{[%clk 0:00:32]} 40. Qxc7+ {[%clk 0:01:48]} Kg6 {[%clk 0:00:38]} 41. Qc4
{[%clk 0:01:22]} Rxg2 {[%clk 0:00:21]} 42. Qg8+ {[%clk 0:01:06]} Kh6
{[%clk 0:00:30]} 43. Qh8+ {[%clk 0:01:09]} Kg5 {[%clk 0:00:17]} 44. Qg7+
{[%clk 0:01:16]} Kh4 {[%clk 0:00:26]} 45. Qxf6+ {[%clk 0:01:25]} Kg3
{[%clk 0:00:30]} 46. Qg5+ {[%clk 0:01:07]} Kf2 {[%clk 0:00:26]} 47. Qxf5
{[%clk 0:01:15]} Rg1+ {[%clk 0:00:26]} 48. Kh2 {[%clk 0:01:23]} Rg2+
{[%clk 0:00:35]} 49. Kh1 {[%clk 0:01:33]} Rg3 0-1

[Event "Rapid 2018"]
[Site "Saint-Petersburg"]
[Date "2018.12.28"]
[Round "13"]
[Board "83"]
[White "Shinkevich Vitaly (RUS)"]
[Black "Drygalov Sergey (RUS)"]
[Result "1/2-1/2"]
[LiveChessVersion "1.4.8"]
[BlackElo "2471"]
[WhiteElo "2545"]

1. Nf3 {[%clk 0:15:16]} Nf6 {[%clk 0:15:16]} 2. c4 {[%clk 0:15:22]} c6
{[%clk 0:15:18]} 3. Nc3 {[%clk 0:15:24]} d5 {[%clk 0:15:27]} 4. d4
{[%clk 0:15:32]} e6 {[%clk 0:15:37]} 5. g3 {[%clk 0:15:35]} dxc4 {[%clk 0:15:19]}
6. Bg2 {[%clk 0:15:42]} b5 {[%clk 0:15:28]} 7. Ne5 {[%clk 0:15:46]} a6
{[%clk 0:15:34]} 8. O-O {[%clk 0:15:24]} Bb7 {[%clk 0:14:55]} 9. b3
{[%clk 0:15:21]} cxb3 {[%clk 0:13:48]} 10. axb3 {[%clk 0:15:16]} Be7
{[%clk 0:11:48]} 11. Bg5 {[%clk 0:15:06]} O-O {[%clk 0:10:22]} 12. Rc1
{[%clk 0:15:13]} Ra7 {[%clk 0:08:09]} 13. Ne4 {[%clk 0:07:16]} Nd5
{[%clk 0:06:57]} 14. Bxe7 {[%clk 0:07:19]} Qxe7 {[%clk 0:07:03]} 15. Nc5
{[%clk 0:07:19]} b4 {[%clk 0:05:59]} 16. e3 {[%clk 0:07:00]} a5 {[%clk 0:05:45]}
17. Ra1 {[%clk 0:07:07]} Ba6 {[%clk 0:05:02]} 18. Re1 {[%clk 0:06:55]} Bb5
{[%clk 0:05:10]} 19. Qh5 {[%clk 0:06:45]} Na6 {[%clk 0:04:41]} 20. Ne4
{[%clk 0:06:19]} f6 {[%clk 0:04:09]} 21. Nf3 {[%clk 0:04:42]} Nb8
{[%clk 0:03:49]} 22. Nfd2 {[%clk 0:02:03]} Nd7 {[%clk 0:03:52]} 23. Nc4
{[%clk 0:01:17]} a4 {[%clk 0:02:28]} 24. Ned6 {[%clk 0:01:24]} g6
{[%clk 0:01:27]} 25. Qh4 {[%clk 0:01:01]} Bxc4 {[%clk 0:01:26]} 26. Nxc4
{[%clk 0:01:09]} N7b6 {[%clk 0:01:09]} 27. Nxb6 {[%clk 0:01:03]} Nxb6
{[%clk 0:01:18]} 28. bxa4 {[%clk 0:01:08]} Rxa4 {[%clk 0:01:05]} 29. Bxc6
{[%clk 0:00:44]} Rxa1 {[%clk 0:00:56]} 30. Rxa1 {[%clk 0:00:53]} Rc8
{[%clk 0:00:36]} 31. Be4 {[%clk 0:00:28]} Nc4 {[%clk 0:00:35]} 32. Ra6
{[%clk 0:00:13]} b3 {[%clk 0:00:18]} 33. d5 {[%clk 0:00:20]} g5 {[%clk 0:00:13]}
34. Rxe6 {[%clk 0:00:23]} gxh4 {[%clk 0:00:15]} 35. Rxe7 {[%clk 0:00:32]} Nd2
{[%clk 0:00:17]} 36. Bf5 {[%clk 0:00:17]} Rb8 {[%clk 0:00:21]} 37. d6
{[%clk 0:00:18]} b2 {[%clk 0:00:13]} 38. d7 {[%clk 0:00:21]} Kf8 {[%clk 0:00:20]}
39. Rxh7 {[%clk 0:00:28]} Rd8 {[%clk 0:00:29]} 40. Rh8+ {[%clk 0:00:14]} Ke7
{[%clk 0:00:38]} 41. Rxd8 {[%clk 0:00:22]} Kxd8 {[%clk 0:00:34]} 42. gxh4
{[%clk 0:00:30]} b1=Q+ {[%clk 0:00:26]} 43. Bxb1 {[%clk 0:00:39]} Nxb1
{[%clk 0:00:35]} 44. h5 {[%clk 0:00:47]} Nd2 {[%clk 0:00:33]} 45. Kg2
{[%clk 0:00:39]} Ne4 {[%clk 0:00:16]} 46. Kf3 {[%clk 0:00:14]} Nd6
{[%clk 0:00:25]} 47. h6 {[%clk 0:00:16]} Nf7 {[%clk 0:00:28]} 48. h7
{[%clk 0:00:24]} Ng5+ {[%clk 0:00:22]} 49. Kg4 {[%clk 0:00:33]} Nxh7
{[%clk 0:00:29]} 50. Kf5 {[%clk 0:00:39]} Kxd7 {[%clk 0:00:38]} 51. Kg6
{[%clk 0:00:43]} Ng5 {[%clk 0:00:45]} 52. h4 {[%clk 0:00:36]} Nf3
{[%clk 0:00:34]} 53. h5 {[%clk 0:00:32]} Ke7 {[%clk 0:00:11]} 54. h6
{[%clk 0:00:28]} Ne5+ {[%clk 0:00:14]} 55. Kg7 {[%clk 0:00:33]} f5
{[%clk 0:00:18]} 56. h7 {[%clk 0:00:24]} Nf7 {[%clk 0:00:27]} 57. f4
{[%clk 0:00:13]} Nh8 {[%clk 0:00:15]} 58. Kg8 {[%clk 0:00:12]} Kf6
{[%clk 0:00:15]} 59. Kf8 {[%clk 0:00:13]} Kg6 {[%clk 0:00:23]} 60. Kg8
{[%clk 0:00:22]} Kf6 {[%clk 0:00:32]} 61. Kf8 {[%clk 0:00:19]} Ng6+
{[%clk 0:00:18]} 62. Kg8 {[%clk 0:00:21]} Ne7+ {[%clk 0:00:27]} 63. Kf8
{[%clk 0:00:22]} Ng6+ {[%clk 0:00:35]} 64. Kg8 {[%clk 0:00:27]} Ne7+
{[%clk 0:00:17]} 1/2-1/2

[Event "Rapid 2018"]
[Site "Saint-Petersburg"]
[Date "2018.12.28"]
[Round "13"]
[Board "84"]
[White "Golubov Saveliy (RUS)"]
[Black "Lobanov Sergei (RUS)"]
[Result "1/2-1/2"]
[LiveChessVersion "1.4.8"]
[BlackElo "2398"]
[WhiteElo "2542"]

1. d4 {[%clk 0:15:15]} Nf6 {[%clk 0:15:18]} 2. c4 {[%clk 0:15:11]} e6
{[%clk 0:15:26]} 3. Qc2 {[%clk 0:14:52]} d5 {[%clk 0:15:18]} 4. Nf3
{[%clk 0:14:53]} Be7 {[%clk 0:15:26]} 5. Nc3 {[%clk 0:14:54]} O-O
{[%clk 0:14:21]} 6. Bf4 {[%clk 0:15:02]} c5 {[%clk 0:13:51]} 7. e3
{[%clk 0:15:03]} cxd4 {[%clk 0:13:47]} 8. Nxd4 {[%clk 0:15:07]} Nc6
{[%clk 0:13:06]} 9. Rd1 {[%clk 0:15:12]} Nxd4 {[%clk 0:11:15]} 10. Rxd4
{[%clk 0:15:12]} Qa5 {[%clk 0:11:11]} 11. Qa4 {[%clk 0:11:54]} Qxa4
{[%clk 0:10:48]} 12. Nxa4 {[%clk 0:12:03]} Bd7 {[%clk 0:10:52]} 13. Nc3
{[%clk 0:11:48]} Bc6 {[%clk 0:11:00]} 14. f3 {[%clk 0:11:47]} Rfd8
{[%clk 0:08:59]} 15. Be2 {[%clk 0:10:16]} Bc5 {[%clk 0:09:01]} 16. Rd3
{[%clk 0:09:15]} dxc4 {[%clk 0:07:55]} 17. Rxd8+ {[%clk 0:09:24]} Rxd8
{[%clk 0:08:04]} 18. Bxc4 {[%clk 0:09:32]} Nh5 {[%clk 0:07:28]} 19. Ke2
{[%clk 0:08:18]} Nxf4+ {[%clk 0:07:26]} 20. exf4 {[%clk 0:08:27]} Rd4
{[%clk 0:07:10]} 21. Bd3 {[%clk 0:08:35]} Rxf4 {[%clk 0:05:52]} 22. Be4
{[%clk 0:07:52]} f5 {[%clk 0:04:40]} 23. Bxc6 {[%clk 0:08:01]} bxc6
{[%clk 0:04:49]} 24. Rc1 {[%clk 0:08:09]} Rd4 {[%clk 0:01:38]} 25. Nd1
{[%clk 0:07:27]} Rd5 {[%clk 0:01:13]} 26. a3 {[%clk 0:07:15]} a5 {[%clk 0:01:21]}
27. f4 {[%clk 0:06:06]} Kf7 {[%clk 0:01:09]} 28. Ne3 {[%clk 0:05:11]} Bxe3
{[%clk 0:01:12]} 29. Kxe3 {[%clk 0:05:20]} Rb5 {[%clk 0:01:00]} 30. b4
{[%clk 0:05:28]} axb4 {[%clk 0:00:58]} 31. axb4 {[%clk 0:05:37]} Rxb4
{[%clk 0:00:54]} 32. Rxc6 {[%clk 0:05:45]} Rb3+ {[%clk 0:01:01]} 33. Kf2
{[%clk 0:05:51]} h6 {[%clk 0:00:51]} 34. h4 {[%clk 0:05:59]} Rb4 {[%clk 0:00:49]}
35. Kf3 {[%clk 0:06:07]} Rb3+ {[%clk 0:00:48]} 36. Kf2 {[%clk 0:06:16]} Rb4
{[%clk 0:00:57]} 37. Kg3 {[%clk 0:06:10]} g5 {[%clk 0:00:56]} 38. hxg5
{[%clk 0:06:07]} hxg5 {[%clk 0:01:05]} 39. fxg5 {[%clk 0:06:15]} Rg4+
{[%clk 0:01:13]} 40. Kf3 {[%clk 0:06:18]} Rxg5 {[%clk 0:01:21]} 41. Rc5
{[%clk 0:06:12]} Rg4 {[%clk 0:01:25]} 42. Ra5 {[%clk 0:06:21]} Kf6
{[%clk 0:01:33]} 43. Ra6 {[%clk 0:06:30]} Rb4 {[%clk 0:01:41]} 44. g3
{[%clk 0:06:21]} Rb3+ {[%clk 0:01:41]} 45. Kf4 {[%clk 0:06:20]} Rc3
{[%clk 0:01:46]} 46. Rb6 {[%clk 0:06:25]} Ra3 {[%clk 0:01:54]} 47. Rc6
{[%clk 0:06:28]} Ra4+ {[%clk 0:01:47]} 48. Kf3 {[%clk 0:06:37]} Ke5
{[%clk 0:01:56]} 49. Rc5+ {[%clk 0:06:18]} Kd4 {[%clk 0:01:59]} 50. Rc8
{[%clk 0:06:27]} Ke5 {[%clk 0:01:07]} 51. Rc3 {[%clk 0:06:21]} Kd4
{[%clk 0:01:11]} 52. Rc8 {[%clk 0:06:29]} Kd5 {[%clk 0:00:45]} 53. Rd8+
{[%clk 0:06:02]} Ke5 {[%clk 0:00:51]} 54. Rd3 {[%clk 0:06:11]} Rd4
{[%clk 0:00:52]} 55. Ra3 {[%clk 0:06:13]} Rb4 {[%clk 0:00:46]} 56. Ra5+
{[%clk 0:05:58]} Kf6 {[%clk 0:00:53]} 57. Ra6 {[%clk 0:06:05]} Rb3+
{[%clk 0:00:58]} 58. Kf4 {[%clk 0:06:11]} Rc3 {[%clk 0:01:07]} 59. Rb6
{[%clk 0:06:14]} Ra3 {[%clk 0:01:16]} 60. Rc6 {[%clk 0:05:41]} Ra4+
{[%clk 0:01:09]} 61. Kf3 {[%clk 0:05:50]} Ke5 {[%clk 0:01:18]} 62. Rb6
{[%clk 0:05:01]} Ra3+ {[%clk 0:01:21]} 63. Kf2 {[%clk 0:05:10]} Kd5
{[%clk 0:01:25]} 64. Rb5+ {[%clk 0:05:15]} Ke4 {[%clk 0:01:25]} 65. Rb4+
{[%clk 0:05:23]} Ke5 {[%clk 0:01:26]} 66. Rb5+ {[%clk 0:05:32]} Kf6
{[%clk 0:01:35]} 67. Rb6 {[%clk 0:05:41]} Ke5 {[%clk 0:01:07]} 68. Rb5+
{[%clk 0:05:12]} Kd4 {[%clk 0:02:14]} 69. Rb4+ {[%clk 0:04:51]} Kc5
{[%clk 0:02:22]} 70. Rb8 {[%clk 0:04:35]} Rd3 {[%clk 0:02:29]} 71. Ra8
{[%clk 0:04:01]} Kd5 {[%clk 0:02:33]} 72. Ra5+ {[%clk 0:01:13]} Ke4
{[%clk 0:02:38]} 73. Ra4+ {[%clk 0:01:22]} Rd4 {[%clk 0:02:47]} 74. Ra2
{[%clk 0:01:31]} e5 {[%clk 0:02:36]} 75. Re2+ {[%clk 0:01:40]} Kd5
{[%clk 0:02:46]} 76. Ra2 {[%clk 0:01:47]} Rc4 {[%clk 0:02:35]} 77. Kf3
{[%clk 0:01:44]} Rc3+ {[%clk 0:02:38]} 78. Kf2 {[%clk 0:01:53]} e4
{[%clk 0:02:06]} 79. Ra5+ {[%clk 0:01:44]} Rc5 {[%clk 0:02:05]} 80. Ra2
{[%clk 0:01:43]} Ke5 {[%clk 0:01:30]} 81. Ke3 {[%clk 0:01:08]} Rc3+
{[%clk 0:01:26]} 82. Kf2 {[%clk 0:01:17]} Kd4 {[%clk 0:01:35]} 83. Rd2+
{[%clk 0:01:15]} Rd3 {[%clk 0:01:42]} 84. Ra2 {[%clk 0:01:24]} Rf3+
{[%clk 0:01:18]} 85. Kg2 {[%clk 0:01:32]} Rb3 {[%clk 0:01:26]} 86. Rf2
{[%clk 0:01:20]} Kd3 {[%clk 0:00:49]} 87. Ra2 {[%clk 0:00:42]} Rc3
{[%clk 0:00:33]} 88. Kf2 {[%clk 0:00:51]} Kd4 {[%clk 0:00:15]} 89. Ra4+
{[%clk 0:00:56]} Rc4 {[%clk 0:00:19]} 90. Ra2 {[%clk 0:01:03]} Kd3
{[%clk 0:00:21]} 91. Ra3+ {[%clk 0:01:04]} Kd2 {[%clk 0:00:17]} 92. Ra2+
{[%clk 0:01:06]} Kd3 {[%clk 0:00:19]} 1/2-1/2

[Event "Rapid 2018"]
[Site "Saint-Petersburg"]
[Date "2018.12.28"]
[Round "13"]
[Board "85"]
[White "Christiansen Johan-Sebastian (NOR)"]
[Black "Vaisser Anatoli (FRA)"]
[Result "1-0"]
[LiveChessVersion "1.4.8"]
[BlackElo "2530"]
[WhiteElo "2421"]

1. e4 {[%clk 0:15:17]} e6 {[%clk 0:15:19]} 2. d4 {[%clk 0:15:25]} d5
{[%clk 0:15:26]} 3. Nc3 {[%clk 0:15:32]} Bb4 {[%clk 0:15:33]} 4. e5
{[%clk 0:15:39]} c5 {[%clk 0:15:37]} 5. a3 {[%clk 0:15:28]} Ba5 {[%clk 0:15:43]}
6. b4 {[%clk 0:15:32]} cxd4 {[%clk 0:15:40]} 7. Nb5 {[%clk 0:15:38]} Bc7
{[%clk 0:15:47]} 8. f4 {[%clk 0:15:33]} Ne7 {[%clk 0:15:36]} 9. Bd3
{[%clk 0:15:29]} a5 {[%clk 0:14:34]} 10. Nxc7+ {[%clk 0:14:40]} Qxc7
{[%clk 0:14:42]} 11. b5 {[%clk 0:14:14]} a4 {[%clk 0:14:36]} 12. Nf3
{[%clk 0:13:54]} Nd7 {[%clk 0:14:39]} 13. O-O {[%clk 0:13:53]} Nc5
{[%clk 0:14:38]} 14. Nxd4 {[%clk 0:13:18]} Nxd3 {[%clk 0:14:16]} 15. cxd3
{[%clk 0:12:37]} O-O {[%clk 0:13:50]} 16. Be3 {[%clk 0:11:51]} Nf5
{[%clk 0:12:57]} 17. Nxf5 {[%clk 0:09:28]} exf5 {[%clk 0:13:04]} 18. b6
{[%clk 0:04:32]} Qd8 {[%clk 0:11:52]} 19. Bd4 {[%clk 0:04:14]} Bd7
{[%clk 0:11:39]} 20. Rc1 {[%clk 0:04:22]} Rc8 {[%clk 0:11:28]} 21. Qd2
{[%clk 0:04:18]} Bc6 {[%clk 0:10:27]} 22. Rc3 {[%clk 0:04:10]} Qd7
{[%clk 0:10:29]} 23. Rfc1 {[%clk 0:04:18]} Rfe8 {[%clk 0:10:15]} 24. Qf2
{[%clk 0:04:22]} Re6 {[%clk 0:09:57]} 25. h3 {[%clk 0:04:30]} h6 {[%clk 0:09:50]}
26. Kh2 {[%clk 0:04:38]} Rg6 {[%clk 0:09:24]} 27. R1c2 {[%clk 0:04:44]} Ra8
{[%clk 0:09:08]} 28. Bc5 {[%clk 0:04:27]} Ra5 {[%clk 0:08:35]} 29. Qd4
{[%clk 0:04:18]} Kh7 {[%clk 0:08:29]} 30. Bd6 {[%clk 0:03:33]} Rb5
{[%clk 0:08:20]} 31. Rf2 {[%clk 0:02:26]} Qd8 {[%clk 0:08:10]} 32. Bc5
{[%clk 0:01:57]} Qh4 {[%clk 0:07:44]} 33. Qe3 {[%clk 0:01:38]} Rxc5
{[%clk 0:06:51]} 34. Rxc5 {[%clk 0:01:44]} d4 {[%clk 0:06:57]} 35. Qe2
{[%clk 0:01:26]} Rg3 {[%clk 0:04:22]} 36. Rxc6 {[%clk 0:00:54]} Re3
{[%clk 0:04:30]} 37. Qf1 {[%clk 0:00:33]} bxc6 {[%clk 0:04:11]} 38. b7
{[%clk 0:00:42]} Qd8 {[%clk 0:04:18]} 39. Qb1 {[%clk 0:00:32]} Qb8
{[%clk 0:04:26]} 40. Rc2 {[%clk 0:00:13]} Rxd3 {[%clk 0:04:29]} 41. Rxc6
{[%clk 0:00:22]} Rb3 {[%clk 0:04:00]} 42. Qxf5+ {[%clk 0:00:31]} 1-0